| 000 | 00544nam a22001817a 4500 | ||
|---|---|---|---|
| 999 |
_c180044 _d180044 |
||
| 005 | 20210722122913.0 | ||
| 010 | _aENG-129613 | ||
| 020 |
_a978-81-927999-2-6 _c1180.00 |
||
| 035 | _aEN-113145 | ||
| 037 | _bDBAD/PUB | ||
| 082 | _a301 | ||
| 100 | _aReddy, V Rami | ||
| 245 |
_aGeneral Anthropology/ _cBy V. Rami Reddy |
||
| 260 |
_aAndhra Pradesh _bV.Indira _c2018 |
||
| 270 |
_a8-30,Vidyanagar, _bSvunt colony, Tirupati, Andhra Pradesh _e517502 |
||
| 300 |
_a289p. _c26cm(pbk) _bBibliography |
||
| 942 |
_2ddc _cEN _h301 _mRED |
||